000
00312 a2200145 4500
001
180149
020
_a
85-15-00144-6
040
_c
Magnum
240
1
0
_a
A vendedora de fósforos
_l
por
245
1
0
_a
A vendedora de fósforos
300
_a
16
440
1
_a
Loyola
697
_a
LITERATURA INFANTO
942
_c
BK
999
_c
180149
_d
180149